| 000 | 00461nam a2200169Ia 4500 | ||
|---|---|---|---|
| 005 | 20240610015854.0 | ||
| 008 | 240331s9999 xx 000 0 und d | ||
| 082 |
_bENG _a339 |
||
| 100 | _aEngineer, Irfan | ||
| 245 | 0 |
_aUnderdevelopment poverty : _bpolitical economy of migration _cIrfan, Engineer |
|
| 260 |
_aMumbai _bVikas Adhyayan Kendra _c1997 |
||
| 300 | _avi, 86 p ., | ||
| 650 | _asocial | ||
| 650 | _aEconomic | ||
| 650 | _aCane and Labor | ||
| 942 | _cL | ||
| 999 |
_c2791 _d2791 |
||